000 00287nam a2200109Ia 4500
008 190216s9999||||xx |||||||||||||| ||und||
100 _aKethernath Guptha
245 0 _aHindi-Bharath Ke Mahayogi Karma Purush
260 _bChathur Mith Kori Pusthaka Mahal
650 _aHindi
942 _cBK
999 _c15270
_d15270